Les présidents de la V république - Statistiques

Statistiques générales
  • Ce quiz a été pris 285 fois
  • Le résultat moyen est 8 sur 8
Statistiques - réponses
Hint Réponse % Correct
2017- Emmanuel Macron
100%
1959-1969 Charles de Gaulle
98%
2012-2017 François Hollande
98%
2007-2012 Nicolas Sarkozy
98%
1995-2007 Jacques Chirac
94%
1981-1995 François Mitterrand
93%
1974-1981 Valéry Giscard d'Estaing
92%
1969-1974 Georges Pompidou
89%
Aucun quiz correspondant
Distribution des résultats
% des personnes avec chaque résultat
Percentile par nombre de réponses
Votre historique - résultats
Vous n’avez pas pris ce quiz